[Event "Cardiff Masters"]
[Site "Cardiff"]
[Date "1997.02.17"]
[Round "1"]
[White "Daly, Colm"]
[Black "Gormally, Daniel"]
[Result "1/2-1/2"]
[WhiteElo "2310"]
[BlackElo "2375"]
[PlyCount "125"]
[EventDate "1997.02.17"]
[EventType "tourn"]
[EventRounds "9"]
[EventCountry "WLS"]
[EventCategory "4"]
[SourceTitle "BritBase"]
[Source "britbase.info"]
[SourceDate "2021.07.30"]
[SourceVersion "1"]
[SourceVersionDate "2021.07.30"]
[SourceQuality "1"]

1. c4 e5 2. Nc3 Bb4 3. Qb3 Nc6 4. a3 Nd4 5. Qd1 Bxc3 6. dxc3 Nc6 7. e4 d6 8.
Bd3 Nge7 9. Ne2 f5 10. exf5 Bxf5 11. Bxf5 Nxf5 12. Ng3 O-O 13. O-O Qd7 14. Ne4
Kh8 15. f3 Na5 16. b3 b5 17. c5 d5 18. a4 a6 19. Ng3 Nxg3 20. hxg3 d4 21. cxd4
exd4 22. Qd3 Qd5 23. b4 Nc6 24. axb5 Nxb4 25. Qd2 Qxc5 26. Ba3 d3+ 27. Rf2 a5
28. Rc1 Qd6 29. f4 Rae8 30. Rc6 Qd4 31. Bb2 Qd7 32. Rc1 Rf7 33. Rc5 h6 34. Be5
Kg8 35. Qc3 Ree7 36. Rd2 Qe8 37. Qc4 Qb8 38. Kh2 Qb6 39. Bc3 Re3 40. Bd4 Re4
41. Qc3 Qg6 42. Bf2 Kh7 43. Qa1 Qf6 44. Qxf6 gxf6 45. Rc3 Rfe7 46. Bc5 Rd7 47.
Bxb4 axb4 48. Rcxd3 Rxd3 49. Rxd3 Kg6 50. b6 cxb6 51. Rd6 h5 52. Rxb6 Rc4 53.
Rb5 Re4 54. Kh3 Rc4 55. Kh4 Rc2 56. Kh3 Rb2 57. Rc5 Rd2 58. Rb5 Rb2 59. Kh2 Kh6
60. Kh3 Kg6 61. Rb8 b3 62. Rb5 Kh6 63. Rf5 1/2-1/2

[Event "Cardiff Masters"]
[Site "Cardiff"]
[Date "1997.02.17"]
[Round "1"]
[White "Mannion, Stephen R"]
[Black "Saunders, John C"]
[Result "1-0"]
[WhiteElo "2380"]
[BlackElo "2240"]
[PlyCount "63"]
[EventDate "1997.02.17"]
[EventType "tourn"]
[EventRounds "9"]
[EventCountry "WLS"]
[EventCategory "4"]
[SourceTitle "BritBase"]
[Source "britbase.info"]
[SourceDate "2021.07.30"]
[SourceVersion "1"]
[SourceVersionDate "2021.07.30"]
[SourceQuality "1"]

1. e4 g6 2. d4 d6 3. Nc3 c6 4. Bc4 Nf6 5. Bb3 Bg7 6. Nf3 O-O 7. O-O Qc7 8. Re1
e5 9. dxe5 dxe5 10. h3 Na6 11. Be3 Qe7 12. Qe2 Nc5 13. Qc4 Nfd7 14. a4 a5 15.
Ba2 Ne6 16. Rad1 h6 17. Rd2 Qb4 18. Red1 Ndc5 19. Rd6 Kh7 20. h4 Na6 21. R6d2
Qxb2 22. Bb3 Qa3 23. h5 g5 24. Ne2 Qe7 25. Ng3 Nf4 26. Nf5 Bxf5 27. exf5 Rad8
28. Rxd8 Rxd8 29. Rxd8 Qxd8 30. Qxf7 Ne2+ 31. Kh2 e4 32. f6 1-0

[Event "Cardiff Masters"]
[Site "Cardiff"]
[Date "1997.02.17"]
[Round "1"]
[White "McShane, Luke J"]
[Black "Williams, Simon Kim"]
[Result "1/2-1/2"]
[WhiteElo "2400"]
[BlackElo "2255"]
[PlyCount "91"]
[EventDate "1997.02.17"]
[EventType "tourn"]
[EventRounds "9"]
[EventCountry "WLS"]
[EventCategory "4"]
[SourceTitle "BritBase"]
[Source "britbase.info"]
[SourceDate "2021.07.30"]
[SourceVersion "1"]
[SourceVersionDate "2021.07.30"]
[SourceQuality "1"]

1. e4 e6 2. d4 d5 3. Nd2 Nf6 4. e5 Nfd7 5. f4 c5 6. c3 Nc6 7. Ndf3 Qb6 8. g3
cxd4 9. cxd4 Be7 10. Ne2 f6 11. exf6 Nxf6 12. Nc3 Ne4 13. Bd3 Bb4 14. Kf1 Bxc3
15. bxc3 e5 16. Nxe5 Nxe5 17. Bxe4 dxe4 18. dxe5 Bh3+ 19. Ke1 Bg2 20. Qa4+ Kd8
21. e6 Qxe6 22. Rg1 Bf3 23. Be3 Ke7 24. Qb4+ Kf7 25. Qxb7+ Qe7 26. Qxe7+ Kxe7
27. Rb1 Rab8 28. Kd2 Rhd8+ 29. Bd4 g6 30. Ke3 Ke6 31. Rb3 Rxb3 32. axb3 Rb8 33.
b4 a5 34. Rb1 axb4 35. Rxb4 Rxb4 36. cxb4 Kd5 37. b5 h5 38. b6 Kc6 39. Kd2 Bg4
40. Kc3 Bc8 41. Be3 Kd5 42. Bd4 Bb7 43. h3 Bc8 44. g4 hxg4 45. hxg4 Kc6 46. f5
1/2-1/2

[Event "Cardiff Masters"]
[Site "Cardiff"]
[Date "1997.02.17"]
[Round "1"]
[White "Siebrecht, Sebastian"]
[Black "Ionescu, Cristian Dan"]
[Result "1-0"]
[WhiteElo "2380"]
[BlackElo "2290"]
[PlyCount "79"]
[EventDate "1997.02.17"]
[EventType "tourn"]
[EventRounds "9"]
[EventCountry "WLS"]
[EventCategory "4"]
[SourceTitle "BritBase"]
[Source "britbase.info"]
[SourceDate "2021.07.30"]
[SourceVersion "1"]
[SourceVersionDate "2021.07.30"]
[SourceQuality "1"]

1. Nf3 c5 2. g3 g6 3. Bg2 Bg7 4. O-O Nf6 5. c4 O-O 6. Nc3 d5 7. cxd5 Nxd5 8.
Qa4 Nb4 9. d3 Bd7 10. Qd1 Bc6 11. Be3 b6 12. Qd2 Nd7 13. Bh6 Rc8 14. Rfd1 Nf6
15. Rac1 Ba8 16. Qg5 Nc6 17. e3 e6 18. Bxg7 Kxg7 19. d4 cxd4 20. Nxd4 Nxd4 21.
Rxd4 Nd5 22. Qxd8 Rfxd8 23. Rcd1 Rd7 24. Bxd5 exd5 25. e4 Kf6 26. f4 Re7 27.
exd5 Kf5 28. Kf2 h5 29. h3 g5 30. R1d2 gxf4 31. Rxf4+ Kg6 32. Ne4 Rc4 33. d6
Rd7 34. Ke3 f5 35. Nc3 Rc5 36. Rfd4 Re5+ 37. Kf2 Kf6 38. Ne2 Re4 39. Rxe4 Bxe4
40. Nf4 1-0

[Event "Cardiff Masters"]
[Site "Cardiff"]
[Date "1997.02.17"]
[Round "1"]
[White "Tozer, Richard"]
[Black "Cobb, James"]
[Result "0-1"]
[WhiteElo "2380"]
[BlackElo "2320"]
[PlyCount "112"]
[EventDate "1997.02.17"]
[EventType "tourn"]
[EventRounds "9"]
[EventCountry "WLS"]
[EventCategory "4"]
[SourceTitle "BritBase"]
[Source "britbase.info"]
[SourceDate "2021.07.30"]
[SourceVersion "1"]
[SourceVersionDate "2021.07.30"]
[SourceQuality "1"]

1. d4 Nf6 2. c4 g6 3. Nc3 Bg7 4. e4 d6 5. Be2 O-O 6. Bg5 Nbd7 7. Qd2 e5 8. d5
Nc5 9. f3 a5 10. Bd1 c6 11. Nge2 cxd5 12. cxd5 a4 13. O-O Bd7 14. Nc1 Qa5 15.
a3 Rfc8 16. Nd3 Nxd3 17. Qxd3 Be8 18. Rc1 Rc7 19. Rf2 Rac8 20. Rfc2 Rc4 21. Be3
b5 22. Kf2 Nd7 23. Be2 Nb6 24. Na2 Bd7 25. Qd1 Rxc2 26. Rxc2 Nc4 27. Qc1 Qd8
28. Bxc4 bxc4 29. Kg1 Bb5 30. Qd2 f5 31. Qb4 Rb8 32. Nc3 Ba6 33. Qxa4 Ra8 34.
Rd2 Qh4 35. g3 Qh3 36. Qc6 Rf8 37. Qxa6 f4 38. gxf4 Qxf3 39. Bf2 exf4 40. Qxc4
Qg4+ 41. Kf1 Qh3+ 42. Ke1 Qxh2 43. Bd4 Qg3+ 44. Rf2 Qg1+ 45. Kd2 f3 46. Nd1
Qg5+ 47. Ne3 Qh4 48. Rf1 Bh6 49. Kd3 f2 50. Qc2 Re8 51. Qxf2 Qxe4+ 52. Kc3 Rf8
53. Qg1 Rc8+ 54. Nc4 Qe2 55. b4 Rxc4+ 56. Kb3 Qc2# 0-1

[Event "Cardiff Masters"]
[Site "Cardiff"]
[Date "1997.02.17"]
[Round "2"]
[White "Cobb, James"]
[Black "Mannion, Stephen R"]
[Result "1-0"]
[WhiteElo "2320"]
[BlackElo "2380"]
[PlyCount "97"]
[EventDate "1997.02.17"]
[EventType "tourn"]
[EventRounds "9"]
[EventCountry "WLS"]
[EventCategory "4"]
[SourceTitle "BritBase"]
[Source "britbase.info"]
[SourceDate "2021.07.30"]
[SourceVersion "1"]
[SourceVersionDate "2021.07.30"]
[SourceQuality "1"]

1. d4 Nf6 2. Nf3 c5 3. e3 b6 4. c4 g6 5. Nc3 Bg7 6. Be2 O-O 7. O-O d6 8. b3 Bb7
9. Bb2 Nc6 10. d5 Ne5 11. Nd2 e6 12. e4 exd5 13. cxd5 a6 14. a4 Re8 15. Qc2 Qc7
16. Rae1 Rad8 17. Kh1 Qb8 18. f4 Ned7 19. Bc4 Re7 20. Nf3 Rde8 21. Ba1 Nh5 22.
Qd2 Bh6 23. Ng5 Bxg5 24. fxg5 Ne5 25. Be2 Ng7 26. Nd1 Bc8 27. Nf2 b5 28. axb5
axb5 29. Nd3 Nd7 30. Qc3 Ne5 31. Nxe5 Rxe5 32. Qf3 Rf8 33. Bxe5 dxe5 34. Qc3
Ne8 35. Qxc5 Nd6 36. Bd3 Rd8 37. b4 Bd7 38. Rf6 Be8 39. Ra1 Kg7 40. Ra6 Nb7 41.
Qb6 Qc8 42. h3 h6 43. gxh6+ Kxh6 44. Bxb5 Bxb5 45. Qxb5 Nd6 46. Qc6 Nxe4 47.
Rxg6+ Kh7 48. Qxc8 Rxc8 49. Rgc6 1-0

[Event "Cardiff Masters"]
[Site "Cardiff"]
[Date "1997.02.17"]
[Round "2"]
[White "Daly, Colm"]
[Black "Siebrecht, Sebastian"]
[Result "1-0"]
[WhiteElo "2310"]
[BlackElo "2380"]
[PlyCount "167"]
[EventDate "1997.02.17"]
[EventType "tourn"]
[EventRounds "9"]
[EventCountry "WLS"]
[EventCategory "4"]
[SourceTitle "BritBase"]
[Source "britbase.info"]
[SourceDate "2021.07.30"]
[SourceVersion "1"]
[SourceVersionDate "2021.07.30"]
[SourceQuality "1"]

1. d4 g6 2. e4 Bg7 3. c4 Nc6 4. Nf3 e5 5. Bg5 Nge7 6. Nc3 h6 7. Be3 exd4 8.
Nxd4 O-O 9. Be2 d6 10. O-O f5 11. exf5 Bxd4 12. Bxd4 Nxf5 13. Be3 Nxe3 14. fxe3
Rxf1+ 15. Qxf1 Be6 16. Qf4 Kg7 17. Rf1 Qe7 18. Nd5 Bxd5 19. cxd5 Ne5 20. Qb4 b6
21. Rc1 Rf8 22. Qc3 Rf7 23. h3 h5 24. Qd4 Qg5 25. b4 Qg3 26. Rf1 Rxf1+ 27. Kxf1
Qg5 28. Qf4 Qf6 29. Ke1 g5 30. Qxf6+ Kxf6 31. Kd2 h4 32. Kc3 Kf5 33. Kd4 g4 34.
a3 g3 35. Bd1 b5 36. Be2 a6 37. Bh5 Kg5 38. Be2 Kf6 39. Ke4 Kg5 40. Bf1 c6 41.
dxc6 Nxc6 42. Be2 Ne5 43. Kd4 Kf6 44. a4 bxa4 45. Bxa6 Nc6+ 46. Kc3 a3 47. b5
a2 48. Kb2 Nb4 49. Bc8 Ke5 50. b6 Ke4 51. b7 Na6 52. Bg4 Kxe3 53. Bf3 Kd4 54.
Kxa2 Kc5 55. Kb3 Kb6 56. Kc4 Kc7 57. Kd5 Nb4+ 58. Ke6 Nc2 59. Kf6 Ne3 60. Kg5
d5 61. Kxh4 Kxb7 62. Kxg3 Kc7 63. Kf4 d4 64. g4 Kd7 65. g5 Ke7 66. h4 Nc4 67.
h5 Nd6 68. Bd5 d3 69. Ke3 Ne8 70. h6 Nf6 71. Kxd3 Nxd5 72. Ke4 Nc3+ 73. Kd4
Nb5+ 74. Kc5 Nd6 75. h7 Ne4+ 76. Kb6 Nxg5 77. h8=Q Ne6 78. Qe5 Kd7 79. Qh2 Ke7
80. Kc6 Nd8+ 81. Kd5 Nf7 82. Qh4+ Kd7 83. Qf6 Ke8 84. Qf1 1-0

[Event "Cardiff Masters"]
[Site "Cardiff"]
[Date "1997.02.17"]
[Round "2"]
[White "Gormally, Daniel"]
[Black "Williams, Simon Kim"]
[Result "1/2-1/2"]
[WhiteElo "2375"]
[BlackElo "2255"]
[PlyCount "20"]
[EventDate "1997.02.17"]
[EventType "tourn"]
[EventRounds "9"]
[EventCountry "WLS"]
[EventCategory "4"]
[SourceTitle "BritBase"]
[Source "britbase.info"]
[SourceDate "2021.07.30"]
[SourceVersion "1"]
[SourceVersionDate "2021.07.30"]
[SourceQuality "1"]

1. d4 e6 2. c4 f5 3. Nf3 Nf6 4. g3 d5 5. Bg2 c6 6. Nc3 Bd6 7. O-O O-O 8. b3 Bd7
9. Bb2 Be8 10. Qc2 Nbd7 1/2-1/2

[Event "Cardiff Masters"]
[Site "Cardiff"]
[Date "1997.02.17"]
[Round "2"]
[White "Ionescu, Cristian Dan"]
[Black "Tozer, Richard"]
[Result "1-0"]
[WhiteElo "2290"]
[BlackElo "2380"]
[PlyCount "79"]
[EventDate "1997.02.17"]
[EventType "tourn"]
[EventRounds "9"]
[EventCountry "WLS"]
[EventCategory "4"]
[SourceTitle "BritBase"]
[Source "britbase.info"]
[SourceDate "2021.07.30"]
[SourceVersion "1"]
[SourceVersionDate "2021.07.30"]
[SourceQuality "1"]

1. d4 d5 2. c4 e6 3. Nf3 Nf6 4. Nc3 Nbd7 5. cxd5 exd5 6. Bf4 c6 7. e3 Be7 8.
Qc2 O-O 9. O-O-O a5 10. Bd3 Re8 11. Nb5 Nc5 12. dxc5 cxb5 13. Bxb5 Bd7 14. Bxd7
Qxd7 15. Kb1 Rec8 16. Qd3 Rxc5 17. Rc1 b6 18. Rhd1 h6 19. Nd4 Ne4 20. Bg3 Bf6
21. Nb3 Rxc1+ 22. Nxc1 Rd8 23. f3 Nc5 24. Qc2 Qe6 25. Nd3 Rc8 26. Nf4 Qe8 27.
Nxd5 Bd8 28. e4 a4 29. Bf2 Rc6 30. Nb4 Rg6 31. Bxc5 bxc5 32. Nd5 a3 33. f4 axb2
34. g3 h5 35. e5 h4 36. Qb3 Kh7 37. Qd3 Qa4 38. Nc3 Qa3 39. Ne4 Qb4 40. Nd6 1-0

[Event "Cardiff Masters"]
[Site "Cardiff"]
[Date "1997.02.17"]
[Round "2"]
[White "Saunders, John C"]
[Black "McShane, Luke J"]
[Result "1/2-1/2"]
[WhiteElo "2240"]
[BlackElo "2400"]
[PlyCount "62"]
[EventDate "1997.02.17"]
[EventType "tourn"]
[EventRounds "9"]
[EventCountry "WLS"]
[EventCategory "4"]
[SourceTitle "BritBase"]
[Source "britbase.info"]
[SourceDate "2021.07.30"]
[SourceVersion "1"]
[SourceVersionDate "2021.07.30"]
[SourceQuality "1"]

1. e4 c5 2. c3 d6 3. d4 Nf6 4. Bd3 Nbd7 5. Nf3 e6 6. O-O Be7 7. Re1 O-O 8. Nbd2
cxd4 9. cxd4 Re8 10. Nf1 a6 11. a4 b6 12. Ng3 Bb7 13. Qe2 e5 14. d5 Nc5 15. Bc2
a5 16. Be3 Ba6 17. Qd2 Ng4 18. Bxc5 bxc5 19. Nf5 Bf8 20. h3 Nf6 21. g4 Nd7 22.
Kg2 Rb8 23. b3 Rb4 24. Rab1 Nb6 25. Bd3 c4 26. bxc4 Nxc4 27. Qa2 Qb6 28. Rxb4
Qxb4 29. Rb1 Qc3 30. Rb3 Qc1 31. Rb1 Qc3 1/2-1/2

[Event "Cardiff Masters"]
[Site "Cardiff"]
[Date "1997.02.18"]
[Round "3"]
[White "Mannion, Stephen R"]
[Black "Ionescu, Cristian Dan"]
[Result "1-0"]
[WhiteElo "2380"]
[BlackElo "2290"]
[PlyCount "77"]
[EventDate "1997.02.17"]
[EventType "tourn"]
[EventRounds "9"]
[EventCountry "WLS"]
[EventCategory "4"]
[SourceTitle "BritBase"]
[Source "britbase.info"]
[SourceDate "2021.07.30"]
[SourceVersion "1"]
[SourceVersionDate "2021.07.30"]
[SourceQuality "1"]

1. e4 c5 2. Nf3 e6 3. d4 cxd4 4. Nxd4 a6 5. Bd3 Nf6 6. O-O d6 7. f4 g6 8. Nc3
Bg7 9. Nf3 O-O 10. a4 Nc6 11. Kh1 Re8 12. Qe1 e5 13. fxe5 Nxe5 14. Bg5 h6 15.
Bh4 g5 16. Nxe5 dxe5 17. Bg3 Nh5 18. Rd1 Be6 19. Bb5 Qc7 20. Bxe8 Rxe8 21. Qe3
Nf4 22. Bf2 Rc8 23. Qb6 Qe7 24. Rd2 Bf8 25. Rfd1 Bg4 26. Re1 Qb4 27. Rd8 Rxd8
28. Qxd8 Kg7 29. Qb6 Qc4 30. Nd5 Nxd5 31. exd5 Qxd5 32. Rxe5 Qd1+ 33. Re1 Qxc2
34. Bd4+ Kg8 35. Qf6 Qh7 36. Re8 Qb1+ 37. Bg1 Bd7 38. Rd8 Bc6 39. Qe7 1-0

[Event "Cardiff Masters"]
[Site "Cardiff"]
[Date "1997.02.18"]
[Round "3"]
[White "McShane, Luke J"]
[Black "Cobb, James"]
[Result "1-0"]
[WhiteElo "2400"]
[BlackElo "2320"]
[PlyCount "115"]
[EventDate "1997.02.17"]
[EventType "tourn"]
[EventRounds "9"]
[EventCountry "WLS"]
[EventCategory "4"]
[SourceTitle "BritBase"]
[Source "britbase.info"]
[SourceDate "2021.07.30"]
[SourceVersion "1"]
[SourceVersionDate "2021.07.30"]
[SourceQuality "1"]

1. e4 e5 2. Nf3 Nc6 3. Bb5 a6 4. Ba4 Nf6 5. O-O Be7 6. Qe2 b5 7. Bb3 O-O 8. c3
d6 9. d3 Na5 10. Bc2 c5 11. Nbd2 Nc6 12. a4 Bb7 13. Rd1 Re8 14. Nf1 Qc7 15. Ne3
Bf8 16. h3 Nb8 17. Bb3 h6 18. Nh4 Nbd7 19. f3 Nb6 20. a5 Nc8 21. Ng6 c4 22.
dxc4 fxg6 23. cxb5+ Kh7 24. b6 Qd7 25. Qc4 Ne7 26. Qf7 Nc6 27. Qxd7 Nxd7 28.
Nc4 Nc5 29. Bc2 Red8 30. Be3 Ne6 31. b4 Rac8 32. Bb3 Nb8 33. Rac1 Nf4 34. Rd2
g5 35. Bxf4 gxf4 36. Rcd1 Be7 37. Rd3 h5 38. R1d2 g5 39. Nxd6 Bxd6 40. Rxd6
Rxd6 41. Rxd6 Rxc3 42. Be6 Bc8 43. Bd5 g4 44. hxg4 hxg4 45. fxg4 Bxg4 46. b7
Bd7 47. Rf6 Rc1+ 48. Kh2 Bc8 49. Rf8 Bxb7 50. Bxb7 Rb1 51. Rxb8 Rxb4 52. Kh3
Rb2 53. Re8 Rxb7 54. Rxe5 Rb3+ 55. Kg4 Rg3+ 56. Kxf4 Rxg2 57. Re6 Rb2 58. Rxa6
1-0

[Event "Cardiff Masters"]
[Site "Cardiff"]
[Date "1997.02.18"]
[Round "3"]
[White "Siebrecht, Sebastian"]
[Black "Gormally, Daniel"]
[Result "0-1"]
[WhiteElo "2380"]
[BlackElo "2375"]
[PlyCount "76"]
[EventDate "1997.02.17"]
[EventType "tourn"]
[EventRounds "9"]
[EventCountry "WLS"]
[EventCategory "4"]
[SourceTitle "BritBase"]
[Source "britbase.info"]
[SourceDate "2021.07.30"]
[SourceVersion "1"]
[SourceVersionDate "2021.07.30"]
[SourceQuality "1"]

1. Nf3 Nf6 2. g3 g6 3. Bg2 Bg7 4. O-O O-O 5. c4 d5 6. cxd5 Nxd5 7. Nc3 c5 8.
Qa4 Nc6 9. Qh4 e6 10. Qc4 b6 11. d3 Na5 12. Qa4 Bd7 13. Qc2 h6 14. h4 Rc8 15.
Nxd5 exd5 16. Bf4 Re8 17. Qd2 Kh7 18. h5 Bg4 19. hxg6+ fxg6 20. Qc2 Qf6 21.
Rab1 g5 22. Be3 d4 23. Nh2 Bf5 24. Bc1 Qe6 25. Re1 c4 26. e4 dxe3 27. Rxe3 cxd3
28. Qa4 Qc4 29. b4 Qc2 30. Qb5 d2 31. Rxe8 d1=Q+ 32. Nf1 Bd7 33. Rxc8 Bxb5 34.
Rxc2 Qxc2 35. Nd2 Bd3 36. bxa5 Qd1+ 37. Kh2 Bxb1 38. axb6 axb6 0-1

[Event "Cardiff Masters"]
[Site "Cardiff"]
[Date "1997.02.18"]
[Round "3"]
[White "Tozer, Richard"]
[Black "Daly, Colm"]
[Result "1-0"]
[WhiteElo "2380"]
[BlackElo "2310"]
[PlyCount "177"]
[EventDate "1997.02.17"]
[EventType "tourn"]
[EventRounds "9"]
[EventCountry "WLS"]
[EventCategory "4"]
[SourceTitle "BritBase"]
[Source "britbase.info"]
[SourceDate "2021.07.30"]
[SourceVersion "1"]
[SourceVersionDate "2021.07.30"]
[SourceQuality "1"]

1. d4 Nf6 2. c4 e6 3. Nc3 Bb4 4. Qc2 O-O 5. Bg5 h6 6. Bxf6 Qxf6 7. Nf3 c5 8. e3
d5 9. O-O-O cxd4 10. exd4 dxc4 11. Bxc4 Bd7 12. Kb1 Rc8 13. Ne5 Bxc3 14. bxc3
Be8 15. Rhf1 Nd7 16. f4 Nb6 17. Bb3 a5 18. Qd3 Qf5 19. Qxf5 exf5 20. Rc1 a4 21.
Bd1 f6 22. Nd3 Bb5 23. Rf3 Nd5 24. Nb2 Nb6 25. Bc2 g6 26. a3 Kf7 27. g3 Bc6 28.
Rf2 Bd5 29. Bd3 Re8 30. c4 Be4 31. Kc2 Bxd3+ 32. Kxd3 Re4 33. Re2 Rxe2 34. Kxe2
g5 35. Rf1 Kg6 36. Kd3 Re8 37. Nd1 Nc8 38. Ne3 Nd6 39. d5 Ne4 40. fxg5 Nc5+ 41.
Kc3 hxg5 42. Nxf5 b6 43. Kb4 Re2 44. Kb5 Rb2+ 45. Kc6 Nd3 46. d6 Ne5+ 47. Kc7
Rc2 48. Ne3 Rxh2 49. d7 Rh7 50. Rd1 Re7 51. Ng4 Nxd7 52. Rxd7 Re4 53. Nf2 Rxc4+
54. Kxb6 Rc2 55. Ne4 Kf5 56. Rd4 Ke5 57. Rxa4 g4 58. Nxf6 Kxf6 59. Rxg4 Kf5 60.
Rf4+ Ke5 61. Rf3 Ke4 62. Rb3 Kd5 63. a4 Rc6+ 64. Kb7 Rg6 65. Rf3 Kc5 66. Rf5+
Kd6 67. Rf3 Kc5 68. Kc7 Rg7+ 69. Kd8 Rg4 70. a5 Rg7 71. Ke8 Kd5 72. Kf8 Ra7 73.
Rf5+ Ke6 74. Rb5 Rf7+ 75. Kg8 Ra7 76. Rb6+ Kf5 77. a6 Kg4 78. Rg6+ Kf5 79. Rb6
Kg4 80. Kf8 Kxg3 81. Ke8 Kf4 82. Kd8 Ke5 83. Kc8 Kd5 84. Kb8 Rh7 85. a7 Rh8+
86. Kb7 Kc5 87. Rc6+ Kb5 88. Rc7 Rh6 89. a8=Q 1-0

[Event "Cardiff Masters"]
[Site "Cardiff"]
[Date "1997.02.18"]
[Round "3"]
[White "Williams, Simon Kim"]
[Black "Saunders, John C"]
[Result "1-0"]
[WhiteElo "2255"]
[BlackElo "2240"]
[PlyCount "99"]
[EventDate "1997.02.17"]
[EventType "tourn"]
[EventRounds "9"]
[EventCountry "WLS"]
[EventCategory "4"]
[SourceTitle "BritBase"]
[Source "britbase.info"]
[SourceDate "2021.07.30"]
[SourceVersion "1"]
[SourceVersionDate "2021.07.30"]
[SourceQuality "1"]

1. c4 g6 2. Nc3 Bg7 3. g3 Nf6 4. Bg2 O-O 5. e4 d6 6. Nge2 c6 7. O-O e5 8. d3 a5
9. h3 Be6 10. f4 Qc8 11. Kh2 Ne8 12. Na4 Ra6 13. c5 Nd7 14. Be3 f6 15. f5 gxf5
16. exf5 Bf7 17. d4 d5 18. Rb1 Nc7 19. b4 Nb5 20. dxe5 Nxe5 21. Nb6 Qd8 22.
bxa5 Rxa5 23. a4 Na3 24. Rb3 Nac4 25. Bd4 Qc7 26. Nf4 Nxb6 27. Rxb6 Rfa8 28.
Rb4 Bf8 29. Bxe5 fxe5 30. Ne6 Qe7 31. Nxf8 Kxf8 32. f6 Qxc5 33. Rxb7 R5a7 34.
Rxa7 Qxa7 35. Qc2 Qxa4 36. Qxh7 Ke8 37. h4 Qa3 38. Rf5 Qd6 39. Qh8+ Qf8 40.
Rxe5+ Kd7 41. Qh7 Kd6 42. Qf5 Re8 43. Rxe8 Qxe8 44. Qf4+ Qe5 45. Qb4+ Kc7 46.
Qa5+ Kb7 47. Qd8 Qe6 48. Bf3 c5 49. h5 Kc6 50. Bxd5+ 1-0

[Event "Cardiff Masters"]
[Site "Cardiff"]
[Date "1997.02.18"]
[Round "4"]
[White "Cobb, James"]
[Black "Williams, Simon Kim"]
[Result "1/2-1/2"]
[WhiteElo "2320"]
[BlackElo "2255"]
[PlyCount "121"]
[EventDate "1997.02.17"]
[EventType "tourn"]
[EventRounds "9"]
[EventCountry "WLS"]
[EventCategory "4"]
[SourceTitle "BritBase"]
[Source "britbase.info"]
[SourceDate "2021.07.30"]
[SourceVersion "1"]
[SourceVersionDate "2021.07.30"]
[SourceQuality "1"]

1. d4 e6 2. Nf3 f5 3. d5 Bd6 4. Nc3 Nf6 5. g3 O-O 6. Bg2 c6 7. dxe6 dxe6 8. O-O
e5 9. e4 Na6 10. Qe2 Qe7 11. Re1 fxe4 12. Ng5 Nc5 13. Ncxe4 Nfxe4 14. Nxe4 Nxe4
15. Bxe4 Bf5 16. Bxf5 Rxf5 17. Be3 Qf7 18. Qd3 Bc7 19. Qb3 Bb6 20. Bxb6 axb6
21. Qxb6 Rf8 22. Re2 Rf3 23. Rd1 e4 24. Rd8 Qxa2 25. Rxf8+ Rxf8 26. Qxb7 Qc4
27. Qb3 Qxb3 28. cxb3 Rb8 29. Re3 Kf7 30. Kf1 Kf6 31. Ke2 g5 32. Kd2 Kf5 33. h3
Rd8+ 34. Kc2 h5 35. Rc3 g4 36. Rc5+ Rd5 37. hxg4+ Kxg4 38. Rxc6 Rf5 39. Rg6+
Kf3 40. Re6 Kxf2 41. Rxe4 Kxg3 42. b4 h4 43. Kb3 h3 44. Ka4 h2 45. Re1 Kg2 46.
b5 Rf1 47. Re2+ Rf2 48. Re1 Rxb2 49. Ka5 h1=Q 50. Rxh1 Kxh1 51. b6 Kg2 52. Ka6
Ra2+ 53. Kb7 Kf3 54. Kc7 Rc2+ 55. Kd6 Ke4 56. b7 Rd2+ 57. Kc7 Rc2+ 58. Kd7 Rb2
59. Kc7 Kd5 60. b8=Q Rxb8 61. Kxb8 1/2-1/2

[Event "Cardiff Masters"]
[Site "Cardiff"]
[Date "1997.02.18"]
[Round "4"]
[White "Daly, Colm"]
[Black "Mannion, Stephen R"]
[Result "1/2-1/2"]
[WhiteElo "2310"]
[BlackElo "2380"]
[PlyCount "40"]
[EventDate "1997.02.17"]
[EventType "tourn"]
[EventRounds "9"]
[EventCountry "WLS"]
[EventCategory "4"]
[SourceTitle "BritBase"]
[Source "britbase.info"]
[SourceDate "2021.07.30"]
[SourceVersion "1"]
[SourceVersionDate "2021.07.30"]
[SourceQuality "1"]

1. Nf3 Nf6 2. g3 d5 3. Bg2 Bf5 4. c4 c6 5. b3 e6 6. O-O Be7 7. Bb2 O-O 8. d3 h6
9. Nbd2 Nbd7 10. a3 a5 11. Ra2 Bh7 12. Qa1 Re8 13. Ne5 Nxe5 14. Bxe5 Qd7 15.
Rc1 Rec8 16. Rac2 Ne8 17. Bh3 Bf8 18. Nf3 Nd6 19. Bb2 Bf5 20. Bg2 Bh7 1/2-1/2

[Event "Cardiff Masters"]
[Site "Cardiff"]
[Date "1997.02.18"]
[Round "4"]
[White "Gormally, Daniel"]
[Black "Saunders, John C"]
[Result "1-0"]
[WhiteElo "2375"]
[BlackElo "2240"]
[PlyCount "89"]
[EventDate "1997.02.17"]
[EventType "tourn"]
[EventRounds "9"]
[EventCountry "WLS"]
[EventCategory "4"]
[SourceTitle "BritBase"]
[Source "britbase.info"]
[SourceDate "2021.07.30"]
[SourceVersion "1"]
[SourceVersionDate "2021.07.30"]
[SourceQuality "1"]

1. Nf3 g6 2. d4 Bg7 3. c4 d6 4. Nc3 Nf6 5. e4 O-O 6. Be2 e5 7. O-O Nc6 8. d5
Ne7 9. b4 Nh5 10. Re1 Nf4 11. Bf1 h6 12. Bxf4 exf4 13. e5 Re8 14. Rc1 dxe5 15.
Nxe5 Bf5 16. Qf3 g5 17. c5 Ng6 18. Nxg6 Bxg6 19. Rxe8+ Qxe8 20. Nb5 Qe5 21. d6
c6 22. Nc7 Rd8 23. Bd3 g4 24. Qe2 Bxd3 25. Qxd3 Qb2 26. Rb1 Qxa2 27. Re1 Qb2
28. Qe4 Bc3 29. Rf1 Qxb4 30. Qe7 Rf8 31. d7 Qd4 32. Ne8 Ba5 33. Qh4 f5 34. Qxh6
Bd8 35. Qg6+ Kh8 36. Nd6 Qg7 37. Qe8 b6 38. Nxf5 Qf7 39. Nd6 Qg7 40. Re1 bxc5
41. Re5 a5 42. Rh5+ Kg8 43. Qe6+ Rf7 44. Qxf7+ Qxf7 45. Rh8+ 1-0

[Event "Cardiff Masters"]
[Site "Cardiff"]
[Date "1997.02.18"]
[Round "4"]
[White "Ionescu, Cristian Dan"]
[Black "McShane, Luke J"]
[Result "0-1"]
[WhiteElo "2290"]
[BlackElo "2400"]
[PlyCount "89"]
[EventDate "1997.02.17"]
[EventType "tourn"]
[EventRounds "9"]
[EventCountry "WLS"]
[EventCategory "4"]
[SourceTitle "BritBase"]
[Source "britbase.info"]
[SourceDate "2021.07.30"]
[SourceVersion "1"]
[SourceVersionDate "2021.07.30"]
[SourceQuality "1"]

1. d4 Nf6 2. c4 g6 3. Nc3 Bg7 4. e4 d6 5. Nf3 O-O 6. Be2 e5 7. O-O Nc6 8. d5
Ne7 9. Ne1 Nd7 10. f3 f5 11. g4 Kh8 12. Ng2 a5 13. Be3 b6 14. Rb1 Ng8 15. h4
Bh6 16. g5 f4 17. Bd2 Bg7 18. Kf2 h6 19. Rh1 Rf7 20. Qc2 Bf8 21. Rbg1 Rh7 22.
h5 hxg5 23. hxg6 Rxh1 24. Rxh1+ Kg7 25. Qc1 Ndf6 26. Qg1 Bd7 27. Bd3 Qe8 28.
Qh2 Qxg6 29. Nh4 gxh4 30. Rg1 Ng4+ 31. fxg4 Nf6 32. Qxh4 Be7 33. g5 Nh5 34. Be2
Ng3 35. Qh6+ Qxh6 36. gxh6+ Kxh6 37. Ke1 Bh4 38. Kd1 Rg8 39. Kc2 Rg5 40. Bd1
Bg4 41. Kd3 Kh5 42. Be1 Bxd1 43. Nxd1 Nxe4 44. Rh1 Ng3 45. Nf2 0-1